Summary writing (Record no. 62646)

000 -LEADER
fixed length control field 00462nam a22001817a 4500
003 - CONTROL NUMBER IDENTIFIER
control field NUST - PNEC
005 - DATE AND TIME OF LATEST TRANSACTION
control field 20170116180754.0
008 - FIXED-LENGTH DATA ELEMENTS--GENERAL INFORMATION
fixed length control field 150317b xxu||||| |||| 00| 0 eng d
020 ## - INTERNATIONAL STANDARD BOOK NUMBER
International Standard Book Number 9812080260
040 ## - CATALOGING SOURCE
Transcribing agency LIBRARY
082 ## - DEWEY DECIMAL CLASSIFICATION NUMBER
Classification number 808.062 WON
100 ## - MAIN ENTRY--PERSONAL NAME
9 (RLIN) 1887
Personal name Wong, Simon
245 ## - TITLE STATEMENT
Title Summary writing
Statement of responsibility, etc. Wong, Simon
260 ## - PUBLICATION, DISTRIBUTION, ETC.
Place of publication, distribution, etc. Singapore
Name of publisher, distributor, etc. Tnaglin Halt Road
Date of publication, distribution, etc. C 1991
300 ## - PHYSICAL DESCRIPTION
Extent 141 . :
650 ## - SUBJECT ADDED ENTRY--TOPICAL TERM
9 (RLIN) 1888
Topical term or geographic name entry element Summary writing
General subdivision AS.
942 ## - ADDED ENTRY ELEMENTS (KOHA)
Source of classification or shelving scheme
Koha item type Book
Holdings
Withdrawn status Lost status Source of classification or shelving scheme Damaged status Not for loan Permanent Location Current Location Shelving location Date acquired Source of acquisition Cost, normal purchase price Total Checkouts Full call number Barcode Date last seen Cost, replacement price Price effective from Koha item type
          Pakistan Navy Engineering College (PNEC) Pakistan Navy Engineering College (PNEC)   09/08/1999 Paramount Publishing Enterprise 215.02   808.062 WON PNECLIB-020531 03/17/2015 215.02 03/17/2015 Book
© 2023 Central Library, National University of Sciences and Technology. All Rights Reserved.